Quizzes
Events
Quiz Creation
Community
Videos
Private Events
Remove Ads
Sign In
Join for FREE
Feedback
Dark Mode
Quiz Categories
Sports
Geography
Music
Movies
Television
Just For Fun
Miscellaneous
History
Literature
Language
Science
Gaming
Entertainment
Religion
Holiday
For Kids
Quiz Lab
Recent
Popular Today
Quiz Kudos Today
Editor Picks
Curator Picks
Quizzes by...
Day
Popularity
Type
Ratings
Length
Year
Community
Subscriptions
Recent Discussions
Orange Saloon
Badges
Playlists
Quests
Create
Leaderboards
Showdown
Live 5
Trivia Bingo
Activity
Puzzle Library
Sporcle Events
Private Events
Virtual Trivia
Globe League
Become a Host
Pub Owners
SporcleCon
Opinionation
Our Games
Videos
Blog
Mobile Apps
Partnerships
Remove Ads and Go Orange
Feedback
Geography
Country
Landmarks
City
State
Population
World
Capital
Continent
Flags
Europe
Africa
Asia
South America
North America
Oceania
Border
Canada
United Kingdom
Topography
United States
Geography
Country
Landmarks
City
State
Population
World
Capital
Continent
Flags
Europe
Africa
Asia
South America
North America
Oceania
Border
Canada
United Kingdom
Topography
United States
Random Quiz
Search Sporcle
×
Quiz Lab
Quiz Lab
Geography
World
Type in answers that appear in a list
Type in answers that appear in a list
Classic
Best Score? Go Orange.
UNESCO World Heritage Sites Stats
Can you name the number of UNESCO World Heritage Sites per country?
By
zyzzyva98
9m
153 Questions
52 Plays
52 Plays
52 Plays
Comments
Comments
Give Quiz Kudos
Give Quiz Kudos
-
- Ratings
hide this ad
Forced Order
Answers have to be entered in order
Answers have to be entered in order
Replay
Link that replays current quiz
Next Quiz
Link to next quiz in quiz playlist
You Got
0%
They Got
Avg Score
47%
Avg Friend Score
Upgrade to see
Score Distribution
Jump to the score distribution portion of the page
Score
0/153
Timer
09:00
0
Plays Today
Country
Number
% Correct
Afghanistan
2
100%
Albania
2
92.3%
Algeria
6
82.7%
Andorra
1
82.7%
Armenia
3
78.8%
Argentina
8
76.9%
Azerbaijin
2
75%
Austria
8
73.1%
Bahrain
1
73.1%
Belize
1
73.1%
Benin
1
73.1%
Bermuda
1
73.1%
Bolivia
6
73.1%
Bosnia and Herzegovina
2
73.1%
Bangladesh
3
71.2%
Belarus
4
71.2%
Botswana
1
71.2%
Burkina Faso
1
71.2%
Cameroon
1
71.2%
Cape Verde
1
71.2%
Central African Republic
1
71.2%
Costa Rica
3
71.2%
Cyprus
3
71.2%
Cambodia
2
69.2%
Chile
5
69.2%
Colombia
6
69.2%
Côte d'Ivoire
3
69.2%
Croatia
7
69.2%
Australia
18
67.3%
Bulgaria
9
67.3%
Belgium
10
65.4%
Democratic Republic of the Congo
5
65.4%
Denmark
4
65.4%
Dominica
1
65.4%
Dominican Republic
1
65.4%
Brazil
18
63.5%
Cuba
9
63.5%
Ecuador
4
63.5%
El Salvador
1
63.5%
Canada
15
61.5%
Czech Republic
12
61.5%
Egypt
7
61.5%
Estonia
2
61.5%
Georgia
3
61.5%
Ghana
2
61.5%
Greenland
1
61.5%
Ethiopia
8
59.6%
Finland
7
59.6%
Gambia
1
59.6%
Gabon
2
59.6%
Guatemala
3
59.6%
Country
Number
% Correct
Guinea
1
59.6%
Haiti
1
59.6%
Hungary
2
59.6%
Holy See
2
57.7%
Iceland
8
57.7%
Ireland
2
55.8%
India
2
53.8%
Iraq
3
53.8%
China
40
51.9%
Israel
7
51.9%
Kazakhstan
3
51.9%
Kiribati
1
51.9%
France
35
50%
Germany
33
50%
Greece
17
50%
Jordan
3
50%
Kenya
4
50%
Kyrgyzstan
1
50%
Laos
2
50%
Latvia
2
50%
Lebanon
5
50%
Luxembourg
1
50%
Macedonia
1
50%
Madagascar
3
50%
Malaysia
3
50%
Malta
3
50%
Marshall Islands
1
50%
Moldova
1
50%
Netherlands Antilles
1
50%
Libya
5
48.1%
Malawi
2
48.1%
Mali
4
48.1%
Mauritania
2
48.1%
Mauritius
2
48.1%
Mongolia
2
48.1%
Montenegro
2
48.1%
Morocco
8
48.1%
Mozambique
1
48.1%
Namibia
1
48.1%
Nicaragua
1
48.1%
Lithuania
4
46.2%
Nepal
4
46.2%
Niger
2
46.2%
Oman
4
46.2%
Papau New Guinea
1
46.2%
Paraguay
1
46.2%
Nigeria
2
44.2%
North Korea
1
44.2%
Iran
12
42.3%
New Zealand
3
42.3%
Norway
7
42.3%
Country
Number
% Correct
Pakistan
6
42.3%
Panama
5
42.3%
Indonesia
27
40.4%
Netherlands
9
40.4%
Phillippines
5
40.4%
Japan
14
36.5%
Italy
45
34.6%
Saint Lucia
1
34.6%
San Marino
1
34.6%
Saudi Arabia
2
34.6%
Romania
7
32.7%
Senegal
5
32.7%
Slovenia
1
32.7%
Solomon Islands
1
32.7%
Mexico
31
30.8%
Peru
11
30.8%
Seychelles
2
30.8%
Slovakia
7
30.8%
Suriname
2
30.8%
Serbia
4
28.8%
South Africa
8
28.8%
St. Kitts and Nevis
1
28.8%
Sudan
1
28.8%
Poland
13
26.9%
Portugal
13
26.9%
Sri Lanka
8
26.9%
Thailand
5
26.9%
Uruguay
1
26.9%
Yemen
4
26.9%
Syria
5
25%
Tajikistan
1
25%
Tanzania
7
25%
Togo
1
25%
Turkmenistan
3
25%
Uganda
3
25%
Ukraine
5
25%
Vanuatu
1
25%
Tunisia
8
23.1%
Uzbekistan
4
23.1%
Venezuela
3
23.1%
Zambia
1
23.1%
Turkey
9
21.2%
Vietnam
6
21.2%
South Korea
10
19.2%
Zimbabwe
5
19.2%
Switzerland
10
17.3%
United Kingdom
28
17.3%
Russia
24
15.4%
Spain
41
13.5%
Sweden
14
13.5%
United States
21
13.5%
Quiz Playlist
Details
Report
Send in Message
Add To Playlist
Classic:
Type in answers that appear in a list
Forced Order:
Answers have to be entered in order
Quiz Source
Last Updated: Feb 16, 2017
Quiz Scoreboard
CHALLENGE
Sign Up to Join the Scoreboard
Show All
Scores
Hide
Comments
May contain spoilers
Recently Published
9x9 Crossword: Cartoon Network
by jackfrog10
Miscellaneous
3m
College Basketball Coaching Resumes
by pancakes188
Sports
9m
Billboard Blitz: Fleetwood Mac
by CooCooCachoo
Music
15s
More to Explore
Quiz From the Vault
Featured Blog Post
Where Did the Easter Bunny Come From?
hide this ad
You Might Also Like...
Tags
Country Quiz
Nintendo Quiz
Numbers Quiz
World Quiz
Heritage
Heritage Sites
site
unesco
UNESCO World
Today's Top Quizzes in Geography
Browse Geography
hide this ad
Today's Top Quizzes in World
Browse World
Top Contributed Quizzes in Geography
1
Countries of the World - No Outlines Minefield
2
Top 25 Cities of France on a map
3
Any capital of a 'B' country per Continent
4
Any capital of a 'C' country per Continent
5
Closest Countries to UK A-Z
6
Any capital of a 'D' country per Continent
7
5-to-1: US Geography No Hints
8
Any capital of an 'E' country per Continent
9
Find the US States - No Outlines
10
Any capital of an 'F' country per Continent
Explore More
Trending Topics
Marvel
Disney
Harry Potter
Anime
Kpop
Crossword
NBA
Song
NFL
Soccer
WWE
Puzzle
Country
Pokémon
The Office
hide this ad
More By:
zyzzyva98
Quiz
Plays
Rating
Category
Featured
Created
Microsoft Word Shortcuts
71,747
4.71
Miscellaneous
Jul 2, 2010
Big 4 Work Stoppages Since 1981
3,441
3.13
Sports
Sep 16, 2012
Microsoft Office Excel Shortcuts
2,007
3.83
Miscellaneous
Jul 30, 2010
Flattest and Least Flat U.S. States
1,614
4.33
Geography
Feb 26, 2013
Number Challenge (Clickable)
512
2.50
Science
Apr 4, 2012
Go to Creator's Profile
Score Distribution
Quiz Creator Spotlight
zyzzyva98
Follow
Send a Message
Quizzes Created
-
Created Quiz Play Count
-
More By This Creator
Popular Quizzes Today
1
Find the US States - No Outlines Minefield
2
Find the Countries of Europe - No Outlines Minefield
3
The Countries of the World
4
Find the US States
5
Risky Map Clicking: Biggest States A-Z
6
US States
7
Popular People in 1961
8
Movies - When Are They Set?
More Geography Quizzes
Blitz! Ends in ...UNDA
Quiz Lab
Trending Quizzes
Risky Map Clicking: Least Populous States A-Z
1-10 Letter G Words
1-10 Letter F Words
Risky Map Clicking: Next State Alphabetically
Adjectives in 80s TV Shows
Recently Updated
Leaping Animals
pecheneg
Reality TV Shows (A-Z)
bhenderson79
Rickey Henderson's Hall of Fame Teammates
pecheneg
Champions League XIs: Arsenal
pecheneg
Quick Pick: Celebrities in WWE's Hall of Fame
aduchscher
A-Z Keypad Blitz II
pecheneg
Multiple Oscar Actors
pecheneg
Mystery Phrase Blitz: Oscar 'Best Actors'
pecheneg
F. Scott Fitzgerald Novels
LTH
Pick 3 Villains
ddd62291
Trending Topics
Anime
Disney
Marvel
Crossword
NBA
Kpop
Harry Potter
NFL
Puzzle
Song
Pokémon
The Office
WWE
Soccer
Country
Your Account Isn't Verified!
In order to create a playlist on Sporcle, you need to verify the email address you used during registration. Go to your
Sporcle Settings
to finish the process.
Report this User
Report this user for behavior that violates our
Community Guidelines
.
Details:
Send Report
Go to the Sporcle.com Mobile Site →
Comments